Využitie outsourcingu informačných systémov v konkrétnom podniku alebo firme bakalárska práca

Gespeichert in:
Bibliographische Detailangaben
1. Verfasser: Perl, Eugen
Körperschaft: Podnikovohospodárska fakulta EU so sídlom v Košiciach. Katedra manažmentu
Weitere Verfasser: Čarnický, Štefan
Format: Buch
Sprache:Slowakisch
Veröffentlicht: Košice 2009
Tags: Tag hinzufügen
Keine Tags, Fügen Sie das erste Tag hinzu!

MARC

LEADER 00000nam$a2200000$$$4500
001 0106809
005 20240318131217.7
041 0 |a slo 
044 |a SK 
245 1 0 |a Využitie outsourcingu informačných systémov v konkrétnom podniku alebo firme  |b bakalárska práca  |c Eugen Perl ; škol. Štefan Čarnický 
264 1 |a Košice  |c 2009 
300 |a 64 s. 
100 1 |a Perl, Eugen 
700 1 |a Čarnický, Štefan 
710 2 |a Podnikovohospodárska fakulta EU so sídlom v Košiciach. Katedra manažmentu